| 000 | 00802nam a22002411 4500 | ||
|---|---|---|---|
| 001 | 36430 | ||
| 003 | BD-RjUL | ||
| 005 | 20211209052503.0 | ||
| 008 | 140623s1966 nyuach 000 0 eng | ||
| 035 | _a(BD-RjUL)36527 | ||
| 040 |
_aDLC _cDLC _dDLC _dBD-RjUL _beng |
||
| 041 | 1 | _aengfre | |
| 082 | 0 | 0 |
_a335.2 _bFRE 1966 |
| 245 | 1 | 0 |
_aFrench utopias : _ban anthology of ideal societies / _cEdited, with an introd. and translations, by Frank E. Manuel and Fritzie P. Manuel. |
| 260 |
_aNew York : _bFree Press, _c1966. |
||
| 300 |
_avii, 426 p. : _billus., facsim., ports. ; _c24 cm. |
||
| 650 | 0 |
_aUtopias _zFrance. _9110873 |
|
| 700 | 1 |
_aManuel, Frank Edward, _971249 |
|
| 700 | 1 |
_aManuel, Fritzie Prigohzy, _ejoint ed. and tr. _9110874 |
|
| 942 |
_2ddc _cBK |
||
| 999 |
_c36430 _d36430 |
||